| 000 | 01076nam a2200301 i 4500 | ||
|---|---|---|---|
| 001 | bg | ||
| 003 | BPK | ||
| 005 | 20191028082314.0 | ||
| 008 | 020718s1977 pl a f f |001 0 pol | ||
| 015 | _aPB 1978/62 | ||
| 040 |
_aWA N _cBPK |
||
| 080 | _a517 | ||
| 080 | _a(075.8) | ||
| 100 | 1 |
_aLeja, Franciszek _d(1885-1979). _eAutor |
|
| 245 | 1 | 0 |
_aRachunek różniczkowy i całkowy : _bze wstępem do równań różniczkowych / _cFranciszek Leja przy współpracy Franciszka Bierskiego. |
| 250 | _aWyd. 14. | ||
| 260 |
_aWarszawa : _bPaństwowe Wydaw. Naukowe, _c1977. |
||
| 300 |
_a530, [2] s. : _bil., wykr. ; _c25 cm. |
||
| 490 | 1 |
_aBiblioteka Matematyczna, _x0519-8356 ; _vt. 2. |
|
| 504 | _aBibliogr. - Indeks. | ||
| 655 | 4 | _aPodręczniki akademickie | |
| 650 | 4 | _aRachunek całkowy | |
| 650 | 4 | _aRachunek różniczkowy | |
| 700 | 1 |
_aBierski, Franciszek _d(1912-2002). _eAutor |
|
| 830 | 0 |
_aBiblioteka Matematyczna, _vt. 2. |
|
| 856 | _uhttp://koha.tu.koszalin.pl/cgi-bin/koha/opac-detail.pl?biblionumber=3655 | ||
| 942 |
_2UKD _cKS |
||
| 999 |
_c3655 _d3655 |
||